| 000 | nam a22 a 4500 | ||
|---|---|---|---|
| 999 |
_c400872 _d400872 |
||
| 003 | BLK | ||
| 005 | 20210315124034.0 | ||
| 008 | 210315b bu ||||| |||| 00| 0 bu d | ||
| 040 | _aBLK | ||
| 041 |
_aBUL _cBUL |
||
| 080 |
_aКомунистически партии. Вж и 327.323 _b329.15 _z329.15 |
||
| 110 |
_91299 _aЦК КПСС _eпърви автор |
||
| 139 |
_aВсесъюзната комунистическа партия (болшевики) _bВ 88 |
||
| 245 |
_aВсесъюзната комунистическа партия (болшевики) _bВ резолюции и решения на конгресите, конференциите и пленумите на ЦК : Ч. 1-3 / _cЦК КПСС; прев. от рус. _nЧ. 3 _pКомунистическата партия на Съветския съюз в резолюции и решения на конгресите, конференциите и пленумите на ЦК 1940-1954 |
||
| 260 |
_9212206 _aСофия _bБКП _c1953 - |
||
| 300 | _c25 см | ||
| 380 | _a3 | ||
| 650 | 0 |
_9318226 _aКПСС - конгреси, пленуми, конференции |
|
| 653 | 7 |
_9189302 _aКПСС |
|
| 653 | 7 |
_9188999 _aконгреси |
|
| 653 | 7 |
_9193880 _aпленуми |
|
| 653 | 7 |
_9189119 _aконференции |
|
| 760 |
_h254 с. _oЧ. 3 _tКомунистическата партия на Съветския съюз в резолюции и решения на конгресите, конференциите и пленумите на ЦК 1940-1954.прев. от рус. Н. Скорчев и др |
||
| 852 |
_aЦб 128 _bЦб |
||
| 942 |
_cKNG _n0 _s1 |
||
| 944 |
_aCR _c2021-03-15 _kХристина Везирева |
||
| 999 | _d400869 | ||
| 999 | _d400868 | ||
| 999 | _d400868 | ||